000 01084nam a2200277Ia 4500
003 OSt
005 20220923211610.0
006 a|||||r|||| 00| 0
007 ta
008 220922b |||||||| |||| 00| 0 hin d
020 _a9789388891530 (hbk)
_c950
024 _a354,763
037 _b1117, 29/12/2021, Kiran Book Service
_cTextual
040 _aARTS
_cARTS
_bhin
041 _2hin
_ahin
082 _aO152,1:g(Y5927), Q9
100 _aरसला रियाक, ले.
245 0 _aहिन्दी दलित कविता
_b समाजशास्त्रीय अध्ययन
246 _aHindī dalit kavitā: samājashāstrīya adhyayana
260 _aनई दिल्ली
_b स्वराज प्रकाशन
_c2019
300 _a244पृ.
_ccm.
650 _a हिन्दी साहित्य
_9156264
650 _aहिन्दी कविता
942 _hO152,1:g(Y5927), Q9
_cTEXL
_2CC
999 _c301231
_d301231